000 00974nam a2200241 a 4500
001 55886
003 BD-RjUL
005 20211209080328.0
008 161122s2010 bg ||||| |||| 00| 0 ben d
020 _a9840748430
_c: Tk.150.00
035 _a(BD-RjUL)56010
040 _aBD-RjUL
_bben
_cBD-RjUL
_dBD-RjUL
041 _aben
082 _223
_a583.745492
_bKAJ 2010
100 _aকরিম, মোঃ রাজাউল
_9166357
245 1 0 _aযশোর জেলা নীল চাষ নীলকর নীলচাষি সম্পর্ক /
_cমোঃ রাজাউল করিম,
260 _aঢাকা :
_bবাংলা একাডেমী,
_c২০১০
300 _a[৮], ২২০ পৃ. :
_bচিত্র ;
_c২৩ সেমি.
500 _aগ্রন্থপঞ্জি সংযুক্ত
650 _aনীলচাষ
_yবাংলাদেশ
_9166358
650 _aIndigo Plants
_zBangladesh
_9166359
942 _2ddc
_cBK
999 _c55886
_d55886